Histoire de l'Olympique de Marseille - Statistiques

Statistiques générales
  • Ce quiz a été pris 151 fois
  • Le résultat moyen est 15 sur 30
Statistiques - réponses
# Réponses % Correct
Nombre de ligue des champions 1
99%
Nombre de coupe Gambardella remportée 2
78%
Nom du Stade Stade Vélodrome
78%
Nombres de titres de Ligue 1 (officiel) 9
73%
Nombre de coupe de la ligue remportée 3
72%
Nombre de trophée des champions remportées 3
72%
Année du dernier sacre en Ligue 1 2010
71%
Nombre de finales européennes jouées (C1,C2,C3 et C4) 5
71%
Coach actuel du club Roberto De Zerbi
71%
Slogan de l'OM Droit au but
69%
Nombre de coupe de France remportée 10
67%
Président actuel du club Pablo Longoria
64%
Dernier titre (TCC*) 2012
63%
Année de la dernière coupe de la ligue remportée 2012
63%
Année du dernier trophée des champions remportées 2011
59%
Années du sacre en Ligue 2 (suite à la rétrogradation due à la polémique OM-VA) 1995
55%
Capacité approximative du stade 67 000
53%
Année de la dernière Gambardella remportée 2024
49%
Qui est "Le boss" Bernard Tapie
48%
Joueur le plus capé du club Steve Mandanda
43%
Année de la dernière coupe de France remportée 1989
41%
Date du dernier sacre en LDC 26 mai 1993
34%
Surnom du stade de l'OM Le volcan
28%
Sa nationalité (de naissance) Suède
27%
Meilleur buteur de l'histoire de l'OM Gunnar Andersson
25%
Surnoms donnés aux joueurs de l'OM Les phocéens Les olympiens
18%
Nom du fondateur Réné Dufaure de Montmirail
18%
Nombre de buts 194
11%
Date de création 31 août 1899
9%
Nombres de matchs 613
5%
Aucun quiz correspondant
Distribution des résultats
% des personnes avec chaque résultat
Percentile par nombre de réponses
Votre historique - résultats
Vous n’avez pas pris ce quiz